书目信息 |
| 题名: |
齿轮机床及加工工艺
|
|
| 作者: | ;上海市科学技术编译馆 译 | |
| 分册: | 2 | |
| 出版信息: | 上海 上海科学技术编译馆 1965 |
|
| 页数: | 143页 | |
| 开本: | 20cm | |
| 丛书名: | 精密机床译丛 | |
| 单 册: | ||
| 中图分类: | TG61 | |
| 科图分类: | ||
| 主题词: | 齿轮加工 , 齿轮加工机床 | |
| 电子资源: | ||
| ISBN: | ||
| 000 | 00742nam0 2200241 450 | |
| 001 | 0640662631 | |
| 005 | 20060323112213.26 | |
| 010 | @dCNY0.80 | |
| 100 | @a20060323d1965 km y0chiy0120 ea | |
| 101 | 0 | @achi |
| 102 | @aCN | |
| 102 | @aCN@b310000 | |
| 200 | 1 | @a齿轮机床及加工工艺@Achi lun ji chuang ji jia gong gong yi@h2@f上海市科学技术编译馆译@Fshang hai shi ke xue ji shu bian yi guan yi |
| 210 | @a上海@c上海科学技术编译馆@d1965 | |
| 215 | 1 | @a143页@d20cm |
| 225 | 2 | @a精密机床译丛 |
| 410 | 0 | @12001 @a精密机床译丛 |
| 606 | 0 | @a齿轮加工 |
| 606 | 0 | @a齿轮加工机床 |
| 690 | @aTG61@v4 | |
| 711 | 0 | @a上海市科学技术编译馆@Ashang hai shi ke xue ji shu bian yi guan@4译 |
| 801 | 0 | @aCN@bPFT@c20060323 |
| 905 | @a10447@dTG61@e12:2 | |
| 齿轮机床及加工工艺.2/上海市科学技术编译馆译.-上海:上海科学技术编译馆,1965 |
| 143页;20cm.-(精密机床译丛) |
| ISBN :CNY0.80 |
| ● |
| 相关链接 |
|
|
|
|
正题名:齿轮机床及加工工艺
索取号:TG61/12:2
 
预约/预借
| 序号 | 登录号 | 条形码 | 馆藏地/架位号 | 状态 | 备注 |
| 1 | 0017916 | 202208805 | 密集书库/ [索取号:TG61/12:2] | 在馆 |